[Event "Mittelfrank Regionalliga Sud-West 2223"]
[Site "Mittelfranken"]
[Date "2023.04.23"]
[Round "9.7"]
[White "Staudacher, Leon"]
[Black "Roeder, Johannes"]
[Result "1-0"]
[WhiteElo "1907"]
[BlackElo "1823"]
[PlyCount "31"]
[EventDate "2022.10.09"]
[EventType "team-tourn"]
[EventRounds "9"]
[EventCountry "GER"]
[SourceTitle "EXT 2024"]
[Source "ChessBase"]
[SourceDate "2023.10.10"]
[SourceVersion "1"]
[SourceVersionDate "2023.10.10"]
[SourceQuality "1"]
[WhiteTeam "Sendling"]
[BlackTeam "Haunstetten II"]
[WhiteTeamCountry "GER"]
[BlackTeamCountry "GER"]

1. e4 c6 2. d4 d5 3. Nc3 dxe4 4. Nxe4 Bf5 5. Ng3 Bg6 6. Nf3 h6 7. Ne5 Bh7 8. Qh5 g6 9. Bc4 e6 10. Qe2 Qe7 11. 0-0 Nf6 12. Re1 Nbd7 13. Nxf7 Kxf7 14. Bxe6+ Kg7 15. Bxh6+ Kxh6 16. Qd2+ 1-0

[Event "Mittelfrank Regionalliga Sud-West 2122"]
[Site "Mittelfranken"]
[Date "2022.04.03"]
[Round "7.4"]
[White "Schmid, Peter4444"]
[Black "Roeder, Johannes"]
[Result "1-0"]
[WhiteElo "2081"]
[BlackElo "1824"]
[PlyCount "115"]
[EventDate "2021.10.24"]
[EventType "team-tourn"]
[EventRounds "9"]
[EventCountry "GER"]
[SourceTitle "EXT 2024"]
[Source "ChessBase"]
[SourceDate "2023.10.10"]
[SourceVersion "1"]
[SourceVersionDate "2023.10.10"]
[SourceQuality "1"]
[WhiteTeam "Kempten"]
[BlackTeam "Haunstetten II"]
[WhiteTeamCountry "GER"]
[BlackTeamCountry "GER"]

1. e4 e5 2. Nf3 Nf6 3. d4 Be7 4. Nc3 exd4 5. Nxd4 d6 6. Be2 Nc6 7. Be3 0-0 8. 0-0 Nd7 9. f4 Nxd4 10. Bxd4 Bf6 11. Bf3 Nb6 12. Nd5 Nxd5 13. exd5 Re8 14. c3 Bd7 15. Qd2 b6 16. Rfe1 Bxd4+ 17. Qxd4 Qf6 18. Qc4 Rac8 19. Rxe8+ Bxe8 20. Bg4 Ra8 21. Re1 Qd8 22. Re3 Bd7 23. Bf3 b5 24. Qd4 h6 25. Bd1 Qf6 26. Qxf6 gxf6 27. Re7 Re8 28. Rxe8+ Bxe8 29. Bf3 Kf8 30. Kf2 Ke7 31. f5 Bd7 32. Be4 Kf8 33. Kg3 Kg7 34. Kh4 Be8 35. Kh5 Bd7 36. h4 Be8 37. Kg4 Bd7 38. Kf4 Kf8 39. g4 Ke7 40. Bf3 Be8 41. Ke3 Bd7 42. Be4 Kd8 43. b3 a5 44. Kd4 Bc8 45. c4 bxc4 46. bxc4 Bd7 47. c5 dxc5+ 48. Kxc5 Ba4 49. Bf3 Kd7 50. Be2 c6 51. dxc6+ Kc7 52. Bf3 Bc2 53. a3 Bd3 54. Bd5 Be2 55. Bxf7 Bxg4 56. Be6 Be2 57. Bd7 Bf1 58. Kd5 1-0

[Event "Landesliga Sued 0607"]
[Site "Bayern"]
[Date "2007.02.25"]
[Round "6.7"]
[White "Wisnet, Dominic"]
[Black "Roeder, Johannes"]
[Result "1-0"]
[WhiteElo "2026"]
[BlackElo "1920"]
[PlyCount "75"]
[EventDate "2006.10.15"]
[EventType "team-tourn"]
[EventRounds "9"]
[EventCountry "GER"]
[SourceTitle "EXT 2008"]
[Source "ChessBase"]
[SourceDate "2007.11.25"]
[SourceVersion "1"]
[SourceVersionDate "2007.11.25"]
[SourceQuality "1"]
[WhiteTeam "Pfarrkirchen SC"]
[BlackTeam "Haunstetten"]
[WhiteTeamCountry "GER"]
[BlackTeamCountry "GER"]

1. e4 d6 2. d4 g6 3. Nf3 Bg7 4. h3 c6 5. a4 Nd7 6. Nc3 e6 7. Bf4 e5 8. dxe5 dxe5 9. Be3 Qc7 10. Bc4 Ngf6 11. Qd2 0-0 12. 0-0 b6 13. Rfd1 Ne8 14. Ng5 Ndf6 15. b4 Bb7 16. a5 b5 17. Bb3 h6 18. Nf3 Kh7 19. Bc5 a6 20. Qd3 Rh8 21. Rd2 Bf8 22. Qe3 Kg7 23. Rad1 Bc8 24. Bxf8+ Rxf8 25. Qc5 Nd7 26. Qe7 Nef6 27. Rd6 Ra7 28. Nxe5 Ng8 29. Rxg6+ Kh7 30. Rxg8 Rxg8 31. Qxf7+ Rg7 32. Qf5+ Kh8 33. Nf7+ Kg8 34. Nxh6+ Kh8 35. Nf7+ Kg8 36. Ng5+ Kh8 37. Rxd7 Rxg5 38. Qh7# 1-0

[Event "Oberliga Bayern 9798"]
[Site "Bayern"]
[Date "1998.??.??"]
[Round "?.8"]
[White "Roeder, Johannes"]
[Black "Bischof, Robert"]
[Result "1-0"]
[WhiteElo "1895"]
[BlackElo "2010"]
[PlyCount "83"]
[EventDate "1997.10.??"]
[EventType "team-tourn"]
[EventRounds "9"]
[EventCountry "GER"]
[SourceTitle "EXT 2020"]
[Source "ChessBase"]
[SourceDate "2019.10.17"]
[SourceVersion "1"]
[SourceVersionDate "2019.10.17"]
[SourceQuality "1"]
[WhiteTeam "Haunstetten TSV"]
[BlackTeam "Pang/Rosenheim"]
[WhiteTeamCountry "GER"]
[BlackTeamCountry "GER"]

1. e4 c5 2. d3 Nc6 3. g3 e6 4. Bg2 d5 5. exd5 exd5 6. Nc3 Be6 7. Nh3 d4 8. Ne4 Be7 9. Nf4 Bf5 10. Nh5 Kf8 11. g4 Bxe4 12. Bxe4 Nf6 13. Nxf6 Bxf6 14. 0-0 g6 15. Bxc6 bxc6 16. Qf3 Rc8 17. Bh6+ Bg7 18. Qf4 Qh4 19. Bg5 Qh3 20. Rfe1 Kg8 21. Re7 Rf8 22. Rae1 h5 23. Qg3 Qxg3+ 24. hxg3 f6 25. Bf4 Rf7 26. g5 Bf8 27. gxf6 Rxf6 28. Rxa7 Rh7 29. Rxh7 Kxh7 30. Re8 Bd6 31. Be5 Bxe5 32. Rxe5 Kg7 33. Rxc5 Kf7 34. Re5 Rd6 35. Kg2 Rd7 36. b3 Kf6 37. f4 Rg7 38. Kf3 Rh7 39. Rc5 Rc7 40. Ke4 Ke6 41. Kxd4 Kd6 42. Rg5 1-0

[Event "Landesliga Sued 9697"]
[Site "Bayern"]
[Date "1997.03.02"]
[Round "7"]
[White "Roeder, Johannes"]
[Black "Strangmueller, Andreas"]
[Result "1/2-1/2"]
[WhiteElo "1925"]
[BlackElo "1895"]
[PlyCount "57"]
[EventDate "1996.10.13"]
[EventType "team-tourn"]
[EventRounds "9"]
[EventCountry "GER"]
[SourceTitle "EXT 2020"]
[Source "ChessBase"]
[SourceDate "2019.10.17"]
[SourceVersion "1"]
[SourceVersionDate "2019.10.17"]
[SourceQuality "1"]
[WhiteTeam "Haunstetten TSV"]
[BlackTeam "Landshut"]
[WhiteTeamCountry "GER"]
[BlackTeamCountry "GER"]

1. e4 e6 2. d4 d5 3. exd5 exd5 4. Bd3 Nc6 5. Ne2 Bd6 6. c3 Nge7 7. Qc2 Bg4 8. Bg5 Qd7 9. Nd2 Bf5 10. Bf4 Bxd3 11. Qxd3 Qf5 12. Qxf5 Nxf5 13. 0-0 0-0 14. Bxd6 Nxd6 15. Nf4 Ne7 16. Rfe1 Rfe8 17. Re2 c6 18. Rae1 Ng6 19. Nxg6 hxg6 20. Rxe8+ Rxe8 21. Rxe8+ Nxe8 22. Kf1 Nd6 23. Ke2 Kf8 24. Kd3 Ke7 25. f3 Ke6 26. b3 b5 27. Nf1 g5 28. g4 g6 29. Ng3 1/2-1/2